Návrh informačného systému na sledovanie polohy zamestnancov

Salvato in:
Dettagli Bibliografici
Autore principale: Uhlík, Michal (Autore)
Altri autori: Kebísek, Michal (Relatore della tesi)
Natura: Manoscritto Libro
Lingua:slovacco
Pubblicazione: 2021
Soggetti:
Accesso online:http://is.stuba.sk/zp/portal_zp.pl?podrobnosti=158023
Tags: Aggiungi Tag
Nessun Tag, puoi essere il primo ad aggiungerne!!

MARC

LEADER 00000ntm a22000003a 4500
001 stuzp82510
003 SK-STU
005 20210612211151.4
007 ta
008 150427s2015----xo-----f-mn---000-0-slo-d
040 |a STU  |b slo 
041 0 |a slo 
100 1 |a Uhlík, Michal  |u 066000  |k Z4  |4 aut  |U MTF Materiálovotechnologická fakulta  |T MTF Ústav aplikovanej informatiky, automatizácie a mechatroniky  |X 85411  |U M6000  |Y 86  |7 85411 
242 0 1 |a Proposal of information system for employees position tracking  |y eng 
245 1 0 |a Návrh informačného systému na sledovanie polohy zamestnancov 
260 |c 2021 
650 4 |a BPMN  |2 slo 
650 4 |a Kotlin  |2 slo 
650 4 |a Informačný systém  |2 slo 
650 4 |a Android  |2 slo 
650 4 |a UML  |2 slo 
650 4 |a Android  |2 eng 
650 4 |a Information system  |2 eng 
650 4 |a BPMN  |2 eng 
650 4 |a UML  |2 eng 
650 4 |a Kotlin  |2 eng 
700 1 |a Kebísek, Michal  |u 066000  |k Z1  |4 ths  |U MTF Materiálovotechnologická fakulta  |T MTF Ústav aplikovanej informatiky, automatizácie a mechatroniky  |X 2798  |U M6000  |Y 86  |7 A000002798 
856 4 |u http://is.stuba.sk/zp/portal_zp.pl?podrobnosti=158023 
996 |c M* DP-14803  |l MMSKP  |s P  |a 0  |w stuzp82510_0001